000
00327nam a2200133Ia 4500
008
190216s9999||||xx |||||||||||||| ||und||
100
_a
Liu.C.L
245
0
_a
Elements Of Discrete Mathematics
250
_a
SECOND
260
_b
Mcgraw-Hill International Edition
_c
1985
300
_a
433
650
_a
Mathematics
942
_c
BK
999
_c
31517
_d
31517